Porovnanie krajín Európskej únie na základe vybraných indikátorov trvalo udržateľného rozvoja

Jednoduché metódy viacrozmerného porovnávania. Stanovenie váh ukazovateľov. Metódy porovnávania. Metóda vzdialenosti od fiktívneho objektu. Porovnanie jednotlivých krajín súboru s fiktívnou krajinou, t. j. s krajinou, ktorá dosahuje vo všetkých ukazovateľoch najlepšie hodnoty. Poradie krajín EÚ urče...

Descrizione completa

Salvato in:
Dettagli Bibliografici
Autore principale: Hurbánková, Ľubica, 1980-
Natura: Capitolo di libro
Lingua:slovacco
Soggetti:
Tags: Aggiungi Tag
Nessun Tag, puoi essere il primo ad aggiungerne!!

MARC

LEADER 00000nla$a2200000$$$4500
001 0114359
005 20240502072256.4
041 0 |a slo 
044 |a SK 
245 1 0 |a Porovnanie krajín Európskej únie na základe vybraných indikátorov trvalo udržateľného rozvoja  |c Ľubica Hurbánková 
520 |a Jednoduché metódy viacrozmerného porovnávania. Stanovenie váh ukazovateľov. Metódy porovnávania. Metóda vzdialenosti od fiktívneho objektu. Porovnanie jednotlivých krajín súboru s fiktívnou krajinou, t. j. s krajinou, ktorá dosahuje vo všetkých ukazovateľoch najlepšie hodnoty. Poradie krajín EÚ určené metódou vzdialenosti od fiktívneho objektu. 
610 2 0 |a štatistika ekonomická 
610 2 0 |a produkt domáci hrubý 
610 2 0 |a zamestnanosť 
610 2 0 |a produktivita práce 
610 2 0 |a ukazovatele ekonomické 
610 2 0 |a rozvoj trvalo udržateľný 
610 2 0 |a Európska únia 
100 1 |a Hurbánková, Ľubica, 1980-